书目信息 |
| 题名: |
游乐杭州
|
|
| 作者: | 唐建军 主编 | |
| 分册: | ||
| 出版信息: | 北京 中国地图出版社 2000.08 |
|
| 页数: | 122页 | |
| 开本: | 32开 | |
| 丛书名: | ||
| 单 册: | ||
| 中图分类: | K928.955.3 | |
| 科图分类: | ||
| 主题词: | 地理--中国 | |
| 电子资源: | ||
| ISBN: | 7-5031-2379-6 | |
| 000 | 00546nam0 2200193 45 | |
| 001 | 0010251968 | |
| 005 | 20001025191807.1 | |
| 010 | @a7-5031-2379-6@d16.80元 | |
| 100 | @a20001025d2000 km y0chiy0120 ea | |
| 101 | 0 | @achi |
| 105 | @a z 000yy | |
| 200 | 1 | @a游乐杭州@AYou Yue Hang Zhou@f唐建军主编@FTang Jian Jun Zhu Bian |
| 210 | @a北京@c中国地图出版社@d2000.08 | |
| 215 | @a122页@d32开 | |
| 606 | 0 | @a地理@x中国 |
| 690 | @aK928.955.3@v3 | |
| 701 | 0 | @a唐建军@4主编 |
| 801 | @aCN@bPftUser@c20001025 | |
| 905 | @b189248-252@dK928.955.3@eT347@f5 | |
| 游乐杭州/唐建军主编.-北京:中国地图出版社,2000.08 |
| 122页;32开 |
| ISBN 7-5031-2379-6:16.80元 |
| ● |
| 相关链接 |
|
|
|
正题名:游乐杭州
索取号:K928.955.3/T347
 
预约/预借
| 序号 | 登录号 | 条形码 | 馆藏地/架位号 | 状态 | 备注 |
| 1 | 189248 | 201892489 | 社科库309/309社科库 23排2列6层/ [索取号:K928.955.3/T347] | 在馆 | |
| 2 | 189249 | 201892498 | 社科库309/ [索取号:K928.955.3/T347] | 在馆 | |
| 3 | 189250 | 201892504 | 社科库309/309社科库 23排2列6层/ [索取号:K928.955.3/T347] | 在馆 | |
| 4 | 189251 | 201892513 | 社科库309/309社科库 23排2列6层/ [索取号:K928.955.3/T347] | 在馆 | |
| 5 | 189252 | 201892522 | 社科库309/309社科库 23排2列6层/ [索取号:K928.955.3/T347] | 在馆 |